Statistics for Cities Starting with H in Chinese Pinyin

Click here to take the quiz!

General Stats

  • This quiz has been taken 12 times
  • The average score is 9 of 9

Answer Stats

HintAnswer% Correct
Hé NèiHanoi
100%
Hā Wǎ NàHavana
100%
Hè Ěr Xīn JīHelsinki
100%
Hú Zhì Míng ShìHo Chi Minh City
100%
Hǎi Dé Lā BāHyderabad
100%
Huá ShāWarsaw
100%
Huá Shèng DùnWashington
100%
Hàn BǎoHamburg
91%
Hā Lā LéiHarare
73%

Score Distribution

Percentile by Number Answered

Percent of People with Each Score

Your Score History

You have not taken this quiz